[Event "BCF-chT 2223 (4NCL)"]
[Site "England"]
[Date "2023.01.14"]
[Round "3.3"]
[White "Rendle, Thomas E"]
[Black "Lee, Richard WY"]
[Result "1/2-1/2"]
[WhiteElo "2384"]
[BlackElo "2107"]
[PlyCount "99"]
[EventDate "2022.10.22"]
[EventType "team-swiss"]
[EventRounds "11"]
[EventCountry "ENG"]
[SourceTitle "CBM 213 Extra"]
[Source "ChessBase"]
[SourceDate "2023.05.31"]
[SourceVersion "1"]
[SourceVersionDate "2023.05.31"]
[SourceQuality "1"]
[WhiteTeam "The Sharks"]
[BlackTeam "Cambridge University"]
[WhiteTeamCountry "ENG"]
[BlackTeamCountry "ENG"]

1. e4 e6 2. d4 d5 3. Nd2 dxe4 4. Nxe4 Nd7 5. Nf3 Ngf6 6. Nxf6+ Nxf6 7. c3 c5 8. Ne5 a6 9. Be3 Qc7 10. Qa4+ Nd7 11. Rd1 cxd4 12. Nxd7 Bxd7 13. Qxd4 e5 14. Qc4 Rc8 15. Qxc7 Rxc7 16. Be2 Be6 17. Bf3 Bxa2 18. Bb6 Rd7 19. 0-0 Be7 20. Bg4 Be6 21. Bxe6 fxe6 22. Rfe1 Rf8 23. Rxd7 Kxd7 24. Rxe5 Rf5 25. Re2 Rd5 26. g3 Bf6 27. Kg2 Kd6 28. Ba7 Rd3 29. h4 h5 30. Be3 b5 31. Bb6 Kd5 32. Bc7 Kc6 33. Bf4 Kd5 34. Bg5 a5 35. f3 Be5 36. Kf2 Bd6 37. g4 g6 38. Bf6 Bf4 39. gxh5 gxh5 40. Bg5 Be5 41. Re4 Rd1 42. Re2 Rh1 43. Ke3 Rh3 44. Bd8 a4 45. Be7 Kc4 46. Kd2 Bf4+ 47. Kc2 e5 48. Re4+ Kd5 49. Rb4 Kc6 50. c4 1/2-1/2

[Event "BCF-chTa 1920 (4NCL)"]
[Site "Daventry"]
[Date "2020.02.08"]
[Round "5.27"]
[White "Greet, Andrew"]
[Black "Lee, Richard WY"]
[Result "1-0"]
[WhiteElo "2425"]
[BlackElo "2130"]
[PlyCount "69"]
[EventDate "2019.11.09"]
[EventType "team-tourn"]
[EventRounds "11"]
[EventCountry "ENG"]
[SourceTitle "CBM 194 Extra"]
[Source "ChessBase"]
[SourceDate "2020.03.31"]
[SourceVersion "1"]
[SourceVersionDate "2020.03.31"]
[SourceQuality "1"]
[WhiteTeam "Wood Green"]
[BlackTeam "Cambridge University"]
[WhiteTeamCountry "ENG"]
[BlackTeamCountry "ENG"]

1. d4 d5 2. Nf3 Nf6 3. c4 e6 4. g3 Be7 5. Bg2 0-0 6. 0-0 c6 7. Qc2 Nbd7 8. Nbd2 b6 9. e4 Bb7 10. e5 Ne8 11. cxd5 cxd5 12. Re1 Rc8 13. Qa4 Bc6 14. Qb3 b5 15. Bf1 Qb6 16. Bd3 b4 17. Qc2 g6 18. Nf1 Bb7 19. Qe2 Nb8 20. h4 Ba6 21. Bg5 Bxd3 22. Qxd3 f6 23. exf6 Bxf6 24. Rac1 Rxc1 25. Bxc1 Nc7 26. Bf4 Nb5 27. Be3 Nc6 28. Rd1 a5 29. g4 Kh8 30. Ng3 Bg7 31. Kg2 Rxf3 32. Kxf3 Nbxd4+ 33. Kg2 Qd8 34. Rc1 Qb6 35. Bxd4 1-0

[Event "BCF-chT2b 1617 (4NCL)"]
[Site "England"]
[Date "2017.01.14"]
[Round "3.66"]
[White "Anilkumar, Anantha P"]
[Black "Lee, Richard WY"]
[Result "0-1"]
[WhiteElo "1878"]
[BlackElo "2153"]
[PlyCount "50"]
[EventDate "2016.11.19"]
[EventType "team-tourn"]
[EventRounds "11"]
[EventCountry "ENG"]
[SourceTitle "EXT 2019"]
[Source "ChessBase"]
[SourceDate "2018.10.10"]
[SourceVersion "1"]
[SourceVersionDate "2018.10.10"]
[SourceQuality "1"]
[WhiteTeam "KJCA Kings"]
[BlackTeam "Cambridge University"]
[WhiteTeamCountry "ENG"]
[BlackTeamCountry "ENG"]

1. d4 d5 2. c4 e6 3. Nc3 Nf6 4. Bg5 Be7 5. e3 h6 6. Bh4 0-0 7. Nf3 b6 8. Bd3 Bb7 9. 0-0 dxc4 10. Bxc4 Nbd7 11. Bg3 c5 12. d5 exd5 13. Nxd5 Nxd5 14. Bxd5 Qc8 15. Rc1 Rd8 16. Bxb7 Qxb7 17. Qb3 b5 18. Qc2 Nf6 19. Rcd1 Rd5 20. Rxd5 Qxd5 21. a4 a6 22. Rd1 Qe4 23. Qb3 c4 24. Qc3 b4 25. Qd4 Rd8 0-1

[Event "BCF-chT1d 1516 (4NCL) Demotion pool"]
[Site "England"]
[Date "2016.05.01"]
[Round "10.186"]
[White "Shaw, Peter"]
[Black "Lee, Richard WY"]
[Result "1/2-1/2"]
[WhiteElo "2113"]
[BlackElo "2165"]
[PlyCount "101"]
[EventDate "2015.11.14"]
[EventType "team-tourn"]
[EventRounds "4"]
[EventCountry "ENG"]
[SourceTitle "EXT 2017"]
[Source "ChessBase"]
[SourceDate "2016.10.25"]
[SourceVersion "1"]
[SourceVersionDate "2016.10.25"]
[SourceQuality "1"]
[WhiteTeam "White Rose II"]
[BlackTeam "Cambridge"]
[WhiteTeamCountry "ENG"]
[BlackTeamCountry "ENG"]

1. d4 d5 2. Bf4 Nf6 3. e3 Bf5 4. c4 c6 5. Qb3 Qb6 6. Nc3 e6 7. c5 Qxb3 8. axb3 Nbd7 9. b4 Nh5 10. Nf3 Nxf4 11. exf4 Be7 12. b5 0-0 13. b4 cxb5 14. Bxb5 Nf6 15. 0-0 Ne4 16. Nxe4 Bxe4 17. Ne5 a6 18. Be2 Rad8 19. c6 f6 20. Nd7 Rfe8 21. Nc5 Bxc5 22. bxc5 bxc6 23. Rxa6 e5 24. fxe5 fxe5 25. dxe5 Rxe5 26. Rxc6 Bxg2 27. Kxg2 Rxe2 28. Kf3 Rc2 29. Ke3 d4+ 30. Kd3 Rc3+ 31. Kd2 Kf7 32. Rg1 Rd7 33. Rg3 Rc4 34. Rc8 h6 35. c6 Rd6 36. Rc7+ Kf6 37. Rgxg7 Rcxc6 38. Rgf7+ Ke5 39. Rxc6 Rxc6 40. Re7+ Kf4 41. Kd3 Rd6 42. h3 Kf3 43. Rf7+ Kg2 44. h4 h5 45. Rf5 Rd8 46. Rxh5 Kxf2 47. Rg5 Kf3 48. h5 Kf4 49. Rg1 Rh8 50. Rh1 Kg5 51. Kxd4 1/2-1/2

[Event "BCF-chT2c 1415 (4NCL)"]
[Site "England"]
[Date "2015.05.03"]
[Round "10.232"]
[White "Murphy, Hugh"]
[Black "Lee, Richard WY"]
[Result "0-1"]
[WhiteElo "2173"]
[BlackElo "2159"]
[PlyCount "140"]
[EventDate "2015.03.29"]
[EventType "team-tourn"]
[EventRounds "11"]
[EventCountry "ENG"]
[SourceTitle "EXT 2016"]
[Source "ChessBase"]
[SourceDate "2015.10.08"]
[SourceVersion "1"]
[SourceVersionDate "2015.10.08"]
[SourceQuality "1"]
[WhiteTeam "Grantham Sharks II"]
[BlackTeam "Cambridge II"]
[WhiteTeamCountry "ENG"]
[BlackTeamCountry "ENG"]

1. d4 d5 2. Nf3 Nf6 3. e3 Bf5 4. Nh4 e6 5. Nxf5 exf5 6. c4 c6 7. Nc3 Bb4 8. Bd3 Ne4 9. 0-0 dxc4 10. Bxc4 0-0 11. Qf3 Nd6 12. Bd3 Qf6 13. Bd2 Bxc3 14. Bxc3 Qe6 15. Bb4 g6 16. Qf4 Rd8 17. Rac1 a5 18. Bc5 Na6 19. Bb6 Nb4 20. Qh4 Nxd3 21. Rc3 Rd7 22. Rxd3 Nc4 23. d5 Qe4 24. Qxe4 fxe4 25. Rb3 Nd2 26. dxc6 bxc6 27. Rd1 Nf3+ 28. gxf3 Rxd1+ 29. Kg2 exf3+ 30. Kxf3 Rd5 31. Rc3 Rf5+ 32. Kg2 Rc8 33. b3 Kf8 34. Rc4 Ke7 35. Ra4 Rg5+ 36. Kf3 Rf5+ 37. Kg2 Ra8 38. b4 Rg5+ 39. Kf3 Rf5+ 40. Kg2 Ra6 41. Bxa5 Ke6 42. Ra3 Rb5 43. Rc3 c5 44. a3 Kd5 45. Kf3 c4 46. Rc2 g5 47. Rd2+ Ke6 48. Rd4 Rc6 49. a4 Rf5+ 50. Ke2 c3 51. Rd1 g4 52. Rc1 c2 53. e4 Rh5 54. b5 Rc4 55. Kd3 Rxa4 56. Bc3 Rxb5 57. Rxc2 Rc5 58. Kd2 Rac4 59. Rc1 h5 60. Bb2 Rxc1 61. Bxc1 Rxc1 62. Kxc1 Ke5 63. Kd2 Kxe4 64. Ke2 Kf4 65. Kf1 Kf3 66. Kg1 h4 67. Kf1 g3 68. h3 f6 69. Kg1 gxf2+ 70. Kh2 f1B 0-1

[Event "BCF-chT1d 1415 (4NCL) Demotion pool"]
[Site "England"]
[Date "2015.03.29"]
[Round "8.184"]
[White "Lawton, Geoffrey W"]
[Black "Lee, Richard WY"]
[Result "1-0"]
[WhiteElo "2389"]
[BlackElo "2147"]
[PlyCount "85"]
[EventDate "2014.11.15"]
[EventType "team-tourn"]
[EventRounds "4"]
[EventCountry "ENG"]
[SourceTitle "EXT 2016"]
[Source "ChessBase"]
[SourceDate "2015.10.08"]
[SourceVersion "1"]
[SourceVersionDate "2015.10.08"]
[SourceQuality "1"]
[WhiteTeam "Warwicks Select"]
[BlackTeam "Cambridge"]
[WhiteTeamCountry "ENG"]
[BlackTeamCountry "ENG"]

1. e4 c5 2. Nf3 e6 3. d4 cxd4 4. Nxd4 Nf6 5. Nc3 d6 6. g4 Nc6 7. g5 Nd7 8. Be3 a6 9. Qh5 g6 10. Qe2 Qc7 11. 0-0-0 Nc5 12. Bg2 Bd7 13. Nxc6 Bxc6 14. Bxc5 dxc5 15. Nd5 Bxd5 16. exd5 Qf4+ 17. Kb1 e5 18. d6 Rd8 19. d7+ Rxd7 20. Rxd7 Kxd7 21. Bxb7 Bd6 22. Qxa6 Rd8 23. Rd1 Ke7 24. Qc6 Qxg5 25. Bc8 Kf8 26. a4 Qe7 27. a5 Qe8 28. Rxd6 Rxc8 29. Qd5 Qb5 30. Rd7 Qf1+ 31. Ka2 Qxf2 32. a6 Qf4 33. a7 Qa4+ 34. Kb1 Kg7 35. Qxf7+ Kh6 36. Qxh7+ Kg5 37. Qe7+ Kf5 38. h4 Qe4 39. Qg5+ Ke6 40. Qe7+ Kf5 41. Rd1 Kf4 42. Qg5+ Kf3 43. Rd3+ 1-0

[Event "BCF-chT1b 1415 (4NCL)"]
[Site "England"]
[Date "2015.03.28"]
[Round "7.173"]
[White "Rendle, Thomas E"]
[Black "Lee, Richard WY"]
[Result "1/2-1/2"]
[WhiteElo "2378"]
[BlackElo "2147"]
[PlyCount "73"]
[EventDate "2014.11.15"]
[EventType "team-swiss"]
[EventRounds "11"]
[EventCountry "ENG"]
[SourceTitle "EXT 2016"]
[Source "ChessBase"]
[SourceDate "2015.10.08"]
[SourceVersion "1"]
[SourceVersionDate "2015.10.08"]
[SourceQuality "1"]
[WhiteTeam "Grantham Sharks"]
[BlackTeam "Cambridge"]
[WhiteTeamCountry "ENG"]
[BlackTeamCountry "ENG"]

1. e4 c5 2. d3 Nc6 3. f4 d6 4. Nf3 Nf6 5. Be2 e6 6. 0-0 Be7 7. Qe1 0-0 8. Kh1 Rb8 9. Nc3 Nd4 10. Bd1 b5 11. Nxd4 cxd4 12. Ne2 e5 13. Ng3 Ne8 14. Nf5 Bf6 15. Bd2 Be6 16. fxe5 Bxe5 17. Qf2 Bxf5 18. Qxf5 Qf6 19. Bg4 Qxf5 20. Bxf5 Nc7 21. Bd7 Rfd8 22. Bg4 Ne6 23. Rf2 Rdc8 24. Raf1 Bf6 25. Bd1 Rb7 26. Rf5 Be5 27. g3 Rc6 28. a3 Rc8 29. Kg2 Ra8 30. Ba5 Rc8 31. h4 g6 32. R5f2 h5 33. Bd2 Kg7 34. Rh1 Rh8 35. Rhf1 Rc8 36. Rh1 Rh8 37. Rhf1 1/2-1/2

[Event "BCF-chT1b 1415 (4NCL)"]
[Site "England"]
[Date "2015.02.15"]
[Round "6.177"]
[White "Coleman, David"]
[Black "Lee, Richard WY"]
[Result "1/2-1/2"]
[WhiteElo "2230"]
[BlackElo "2147"]
[PlyCount "81"]
[EventDate "2014.11.15"]
[EventType "team-swiss"]
[EventRounds "11"]
[EventCountry "ENG"]
[SourceTitle "EXT 2016"]
[Source "ChessBase"]
[SourceDate "2015.10.08"]
[SourceVersion "1"]
[SourceVersionDate "2015.10.08"]
[SourceQuality "1"]
[WhiteTeam "Barbican II"]
[BlackTeam "Cambridge"]
[WhiteTeamCountry "ENG"]
[BlackTeamCountry "ENG"]

1. e4 c5 2. Nf3 e6 3. d4 cxd4 4. Nxd4 Nf6 5. Nc3 d6 6. Be2 a6 7. f4 Be7 8. Be3 0-0 9. 0-0 Nc6 10. Qe1 Nxd4 11. Bxd4 b5 12. a3 Bb7 13. Qg3 g6 14. Bf3 a5 15. Rad1 Qb8 16. e5 Nd7 17. Ne4 Bxe4 18. Bxe4 d5 19. Bf3 Kh8 20. h4 Qc7 21. c3 b4 22. axb4 axb4 23. cxb4 Qc4 24. h5 Rg8 25. Qf2 Qxb4 26. hxg6 hxg6 27. Rc1 Rgc8 28. g4 Bc5 29. Bxc5 Rxc5 30. f5 Rac8 31. fxg6 fxg6 32. Rce1 Rc2 33. Re2 Rxe2 34. Bxe2 Rf8 35. Qh4+ Kg7 36. Rxf8 Qxf8 37. Qg5 Kh7 38. Qh4+ Kg7 39. Qg5 Kh7 40. Qh4+ Kg7 41. Qg5 1/2-1/2

[Event "BCF-chT2a 1415 (4NCL)"]
[Site "England"]
[Date "2015.01.10"]
[Round "3.99"]
[White "Lee, Richard WY"]
[Black "Martin, Andrew D"]
[Result "1/2-1/2"]
[WhiteElo "2149"]
[BlackElo "2380"]
[PlyCount "132"]
[EventDate "2014.11.15"]
[EventType "team-tourn"]
[EventRounds "7"]
[EventCountry "ENG"]
[SourceTitle "EXT 2016"]
[Source "ChessBase"]
[SourceDate "2015.10.08"]
[SourceVersion "1"]
[SourceVersionDate "2015.10.08"]
[SourceQuality "1"]
[WhiteTeam "Cambridge II"]
[BlackTeam "Guildford III"]
[WhiteTeamCountry "ENG"]
[BlackTeamCountry "ENG"]

1. e4 g6 2. d4 Bg7 3. Nf3 d6 4. Be2 Nf6 5. Nc3 0-0 6. 0-0 Bg4 7. Be3 Nc6 8. h3 Bxf3 9. Bxf3 e5 10. Ne2 d5 11. exd5 Nxd5 12. c4 Nxe3 13. fxe3 exd4 14. Bxc6 bxc6 15. exd4 c5 16. dxc5 Bxb2 17. Rb1 Be5 18. Qd5 Qe8 19. Kh1 Rd8 20. Qe4 Rd2 21. Rbe1 Bg7 22. Nc1 Qxe4 23. Rxe4 Rfd8 24. Re7 R2d7 25. Rxd7 Rxd7 26. Nb3 f5 27. Re1 Kf7 28. Re3 h5 29. Kg1 Bd4 30. Nxd4 Rxd4 31. Ra3 Rxc4 32. Rxa7 Rxc5 33. h4 Kf6 34. Kf2 f4 35. Kf3 Kf5 36. Ra3 Rc4 37. Rd3 Ke5 38. Ra3 c5 39. Ra6 Rc3+ 40. Kf2 Kf5 41. Rc6 g5 42. hxg5 Kxg5 43. a4 Kg4 44. Rg6+ Kf5 45. Rh6 c4 46. Rxh5+ Ke4 47. Rg5 Rc2+ 48. Ke1 Ra2 49. a5 c3 50. Kd1 Kd3 51. Rd5+ Kc4 52. Rf5 Rxg2 53. a6 Ra2 54. Rxf4+ Kb3 55. Rf6 Ra1+ 56. Ke2 c2 57. Rb6+ Kc3 58. Rc6+ Kb2 59. Rb6+ Kc1 60. Ke1 Ra5 61. Ke2 Ra3 62. Ke1 Ra4 63. Ke2 Re4+ 64. Kf2 Ra4 65. Ke2 Ra1 66. Ke1 Ra5 1/2-1/2

[Event "BCF-chT2c 1314 (4NCL)"]
[Site "England"]
[Date "2014.05.05"]
[Round "11.221"]
[White "Reid, John"]
[Black "Lee, Richard WY"]
[Result "1-0"]
[WhiteElo "2158"]
[BlackElo "2152"]
[PlyCount "73"]
[EventDate "2013.11.16"]
[EventType "team-tourn"]
[EventRounds "11"]
[EventCountry "ENG"]
[SourceTitle "EXT 2015"]
[Source "ChessBase"]
[SourceDate "2014.11.20"]
[SourceVersion "1"]
[SourceVersionDate "2014.11.20"]
[SourceQuality "1"]
[WhiteTeam "Hackney"]
[BlackTeam "Cambridge II"]
[WhiteTeamCountry "ENG"]
[BlackTeamCountry "ENG"]

1. d4 d5 2. c4 c6 3. Nf3 Nf6 4. Nc3 dxc4 5. a4 Bf5 6. Ne5 Nbd7 7. Nxc4 Nb6 8. Ne5 a5 9. f3 Nfd7 10. Nxd7 Nxd7 11. e4 Bg6 12. Be3 Qb6 13. Qd2 e6 14. Bc4 0-0-0 15. 0-0 e5 16. d5 Bc5 17. Rfe1 Bxe3+ 18. Rxe3 Qd4 19. Qe2 Nb6 20. Bb3 Kb8 21. Kh1 Qb4 22. Ra3 Qe7 23. h3 Rd6 24. Ba2 Qc7 25. Qe1 Nd7 26. Nb1 Rc8 27. Rec3 Qb6 28. Nd2 Qd8 29. Nc4 Rf6 30. d6 Nf8 31. Rd3 Ne6 32. d7 Rc7 33. Nb6 Nd4 34. Qxa5 Rxd7 35. Qxe5+ Rdd6 36. Rxd4 Rfe6 37. Bxe6 1-0

[Event "BCF-chT2a 1314 (4NCL)"]
[Site "England"]
[Date "2014.02.16"]
[Round "6.41"]
[White "Swanson, Stephen"]
[Black "Lee, Richard WY"]
[Result "0-1"]
[WhiteElo "2233"]
[BlackElo "2125"]
[PlyCount "82"]
[EventDate "2013.11.16"]
[EventType "team-swiss"]
[EventRounds "11"]
[EventCountry "ENG"]
[SourceTitle "EXT 2015"]
[Source "ChessBase"]
[SourceDate "2014.11.20"]
[SourceVersion "1"]
[SourceVersionDate "2014.11.20"]
[SourceQuality "1"]
[WhiteTeam "Poisoned Pawns"]
[BlackTeam "Cambridge II"]
[WhiteTeamCountry "ENG"]
[BlackTeamCountry "ENG"]

1. e4 e5 2. Nc3 Nf6 3. g3 Bc5 4. Bg2 Nc6 5. d3 d6 6. h3 h6 7. Nge2 a6 8. Nd5 Nd4 9. Nxd4 Bxd4 10. c3 Ba7 11. Ne3 Qe7 12. 0-0 0-0 13. Kh2 c6 14. Qf3 Re8 15. Nf5 Bxf5 16. Qxf5 Qd7 17. Qf3 Qe6 18. Qe2 d5 19. b3 Rad8 20. Ba3 Rd7 21. exd5 Nxd5 22. Bb2 Nc7 23. Rad1 Qf6 24. h4 Qd6 25. Bh3 Rdd8 26. Bg2 Bc5 27. b4 Bb6 28. a3 a5 29. Be4 Ra8 30. Qf3 axb4 31. axb4 Ra2 32. Rb1 Rd8 33. Kg2 Qe6 34. h5 Nb5 35. Ba1 Rf8 36. Rbe1 f5 37. Bxc6 bxc6 38. d4 e4 39. Qd1 Qd5 40. Re2 Rxe2 41. Qxe2 Nd6 0-1

[Event "BCF-chT2a 1314 (4NCL)"]
[Site "England"]
[Date "2014.02.15"]
[Round "5.42"]
[White "Simons, Martin J"]
[Black "Lee, Richard WY"]
[Result "0-1"]
[WhiteElo "2101"]
[BlackElo "2125"]
[PlyCount "82"]
[EventDate "2013.11.16"]
[EventType "team-swiss"]
[EventRounds "11"]
[EventCountry "ENG"]
[SourceTitle "EXT 2015"]
[Source "ChessBase"]
[SourceDate "2014.11.20"]
[SourceVersion "1"]
[SourceVersionDate "2014.11.20"]
[SourceQuality "1"]
[WhiteTeam "Wessex"]
[BlackTeam "Cambridge II"]
[WhiteTeamCountry "ENG"]
[BlackTeamCountry "ENG"]

1. d4 d5 2. e4 dxe4 3. Nc3 Bf5 4. f3 e3 5. Bxe3 e6 6. Nge2 c6 7. g4 Bg6 8. Qd2 Bd6 9. 0-0-0 Nf6 10. h4 h5 11. g5 Nd5 12. Nxd5 cxd5 13. Nf4 Bxf4 14. Bxf4 0-0 15. Bd3 Bxd3 16. Qxd3 g6 17. Rde1 Qd7 18. Be5 Nc6 19. Bf6 Ne7 20. Bxe7 Qxe7 21. Re5 Qc7 22. f4 Rfd8 23. Rhe1 Rac8 24. Kb1 Qc4 25. Qd2 Rd6 26. R5e3 Ra6 27. b3 Qc7 28. Re5 Rc6 29. R1e2 b5 30. a3 Kg7 31. Kb2 a5 32. Qd1 Rc3 33. f5 gxf5 34. g6 Kxg6 35. Qd2 Rg3 36. Rg2 Qc3+ 37. Qxc3 Rcxc3 38. Rxg3+ Rxg3 39. c4 bxc4 40. bxc4 dxc4 41. Rxa5 Rd3 0-1

[Event "BCF-chT3S 1213 (4NCL)"]
[Site "England"]
[Date "2013.02.23"]
[Round "5.77"]
[White "Truran, Michael C"]
[Black "Lee, Richard WY"]
[Result "1/2-1/2"]
[WhiteElo "2183"]
[BlackElo "2116"]
[PlyCount "87"]
[EventDate "2012.11.03"]
[EventType "team-swiss"]
[EventRounds "6"]
[EventCountry "ENG"]
[SourceTitle "EXT 2014"]
[Source "ChessBase"]
[SourceDate "2013.11.20"]
[SourceVersion "1"]
[SourceVersionDate "2013.11.20"]
[SourceQuality "1"]
[WhiteTeam "Brown Jack"]
[BlackTeam "Cambridge II"]
[WhiteTeamCountry "ENG"]
[BlackTeamCountry "ENG"]

1. d4 d5 2. c4 c6 3. Nf3 Nf6 4. e3 g6 5. Nc3 Bg7 6. Be2 0-0 7. 0-0 b6 8. Qb3 Bb7 9. Rd1 Nbd7 10. Bd2 e6 11. Be1 Qe7 12. cxd5 exd5 13. a4 a5 14. Qa3 Rfe8 15. Qxe7 Rxe7 16. Rab1 Bf8 17. Bd3 Ne4 18. Nd2 f5 19. Ndxe4 fxe4 20. Be2 Ba6 21. Bxa6 Rxa6 22. Rbc1 Re6 23. Rc2 Ra7 24. Rdc1 Nb8 25. Ne2 Kf7 26. Nf4 Rf6 27. Ne2 Ke8 28. b3 Ba3 29. Ra1 Bd6 30. Nc3 Na6 31. Na2 Kd7 32. Rb1 h5 33. h4 Rf8 34. b4 axb4 35. Nxb4 Nxb4 36. Bxb4 Rb8 37. Bxd6 Kxd6 38. Rcb2 Kc7 39. Rb4 Ra5 40. Kh2 b5 41. axb5 Raxb5 42. Rxb5 cxb5 43. Kg3 Kc6 44. Kf4 1/2-1/2

[Event "Chester e2e4 op-A"]
[Site "Chester"]
[Date "2013.01.20"]
[Round "5"]
[White "Garnett, John S"]
[Black "Lee, Richard WY"]
[Result "0-1"]
[WhiteElo "2030"]
[BlackElo "2094"]
[PlyCount "120"]
[EventDate "2013.01.18"]
[EventType "swiss"]
[EventRounds "5"]
[EventCountry "ENG"]
[SourceTitle "CBM 152 Extra"]
[Source "ChessBase"]
[SourceDate "2013.02.25"]
[SourceVersion "1"]
[SourceVersionDate "2013.02.25"]
[SourceQuality "1"]

1. c4 c6 2. g3 d5 3. Bg2 Nf6 4. Nf3 g6 5. 0-0 Bg7 6. d4 0-0 7. Nc3 dxc4 8. a4 a5 9. e3 Nbd7 10. b3 Nb6 11. Rb1 Bf5 12. Rb2 Bd3 13. Re1 Nfd5 14. Bd2 cxb3 15. Nxd5 cxd5 16. Qxb3 Nc4 17. Ra2 Be4 18. Bc1 Qc7 19. Nd2 Bxg2 20. Kxg2 Rfc8 21. Nxc4 Qxc4 22. Rb2 e6 23. Bd2 Bf8 24. Rc1 Qxb3 25. Rxb3 Rxc1 26. Bxc1 Bb4 27. Ba3 Bxa3 28. Rxa3 Rc8 29. Rb3 Rc4 30. Rxb7 Rxa4 31. Ra7 g5 32. g4 Kg7 33. Kg3 Ra2 34. h4 gxh4+ 35. Kxh4 Rxf2 36. Rxa5 Rf3 37. Ra3 Kg6 38. Rb3 h6 39. Ra3 f5 40. gxf5+ Kxf5 41. Rb3 Ke4 42. Rb6 Kxe3 43. Rxe6+ Kxd4 44. Rxh6 Kd3 45. Kg4 Rf8 46. Rd6 d4 47. Kg3 Ke3 48. Re6+ Kd2 49. Re7 d3 50. Kg2 Kd1 51. Kg1 d2 52. Kg2 Rf5 53. Re8 Kc2 54. Rc8+ Kd3 55. Rd8+ Ke3 56. Kg3 Rg5+ 57. Kh4 Rg1 58. Re8+ Kf4 59. Rf8+ Ke5 60. Re8+ Kf6 0-1

[Event "BCF-chT2d 1112 (4NCL)"]
[Site "England"]
[Date "2012.05.07"]
[Round "9.46"]
[White "Connor, Stephen J"]
[Black "Lee, Richard WY"]
[Result "0-1"]
[WhiteElo "2069"]
[BlackElo "2030"]
[PlyCount "56"]
[EventDate "2011.11.12"]
[EventType "team-swiss"]
[EventRounds "11"]
[EventCountry "ENG"]
[SourceTitle "EXT 2013"]
[Source "ChessBase"]
[SourceDate "2012.11.22"]
[SourceVersion "1"]
[SourceVersionDate "2012.11.22"]
[SourceQuality "1"]
[WhiteTeam "Spirit of Atticus"]
[BlackTeam "Cambridge II"]
[WhiteTeamCountry "ENG"]
[BlackTeamCountry "ENG"]

1. e4 e6 2. d4 d5 3. Nd2 c5 4. Ngf3 cxd4 5. exd5 Qxd5 6. Bc4 Qd6 7. 0-0 Nf6 8. Nb3 Nc6 9. Nbxd4 Nxd4 10. Nxd4 a6 11. c3 Qc7 12. Qe2 Bc5 13. Bg5 0-0 14. Rad1 Bd7 15. Bxf6 gxf6 16. Qg4+ Kh8 17. Qh4 Qd8 18. Nf3 Be7 19. Bb3 Rg8 20. Qh5 Rg7 21. Rfe1 Qc7 22. g3 b6 23. Bd5 Re8 24. Be4 f5 25. Bc2 Bf6 26. Nd4 Reg8 27. Ne2 Bc6 28. Nf4 Qxf4 0-1

[Event "BCF-chT2d 1112 (4NCL)"]
[Site "England"]
[Date "2012.04.01"]
[Round "8.27"]
[White "Horton, Jamie A"]
[Black "Lee, Richard WY"]
[Result "0-1"]
[WhiteElo "1999"]
[BlackElo "2030"]
[PlyCount "118"]
[EventDate "2011.11.12"]
[EventType "team-swiss"]
[EventRounds "11"]
[EventCountry "ENG"]
[SourceTitle "EXT 2013"]
[Source "ChessBase"]
[SourceDate "2012.11.22"]
[SourceVersion "1"]
[SourceVersionDate "2012.11.22"]
[SourceQuality "1"]
[WhiteTeam "3CS Oldham"]
[BlackTeam "Cambridge II"]
[WhiteTeamCountry "ENG"]
[BlackTeamCountry "ENG"]

1. e4 e6 2. d4 d5 3. Nc3 Nf6 4. Bg5 Be7 5. e5 Nfd7 6. Bxe7 Qxe7 7. f4 a6 8. Nf3 c5 9. dxc5 Nc6 10. Bd3 Qxc5 11. Qd2 b5 12. 0-0-0 Nb6 13. g4 b4 14. Ne2 a5 15. Ned4 Ba6 16. Nxc6 Bxd3 17. Qxd3 Qxc6 18. Nd4 Qc4 19. Qxc4 Nxc4 20. Rd3 Ke7 21. b3 Nb6 22. c3 Rhc8 23. Kb2 bxc3+ 24. Rxc3 Rxc3 25. Kxc3 a4 26. Kb4 axb3 27. axb3 Ra2 28. Kb5 Nc8 29. Rc1 Kd7 30. Rc2 Ra1 31. Rf2 Re1 32. Rf3 f6 33. exf6 gxf6 34. Kc5 Rc1+ 35. Kb5 Nd6+ 36. Kb4 e5 37. fxe5 fxe5 38. Ne2 Rc2 39. Re3 e4 40. h3 Nf7 41. Ng3 Kd6 42. Nxe4+ dxe4 43. Rxe4 Ng5 44. Rf4 Nxh3 45. Rf6+ Ke7 46. Rh6 Ng5 47. Kb5 Rg2 48. Rh4 Kf6 49. b4 Kg6 50. Ka6 Nf3 51. Rh3 Nd4 52. b5 Ra2+ 53. Kb6 Rb2 54. Rh5 Rxb5+ 55. Rxb5 Nxb5 56. Kxb5 Kg5 57. Kc4 Kxg4 58. Kd3 Kf3 59. Kd2 Kf2 0-1

[Event "BCF-chT2a 1112 (4NCL)"]
[Site "England"]
[Date "2012.03.31"]
[Round "7.36"]
[White "Farrand, Julian"]
[Black "Lee, Richard WY"]
[Result "1-0"]
[WhiteElo "2124"]
[BlackElo "2030"]
[PlyCount "107"]
[EventDate "2011.11.12"]
[EventType "team-tourn"]
[EventRounds "7"]
[EventCountry "ENG"]
[SourceTitle "EXT 2013"]
[Source "ChessBase"]
[SourceDate "2012.11.22"]
[SourceVersion "1"]
[SourceVersionDate "2012.11.22"]
[SourceQuality "1"]
[WhiteTeam "Barbican Youth"]
[BlackTeam "Cambridge II"]
[WhiteTeamCountry "ENG"]
[BlackTeamCountry "ENG"]

1. d4 d5 2. Nc3 e6 3. e4 Nf6 4. Bg5 Be7 5. e5 Nfd7 6. Bxe7 Qxe7 7. Qg4 f5 8. exf6 Nxf6 9. Qh4 c5 10. Nf3 Nc6 11. Bb5 Bd7 12. Bxc6 bxc6 13. Na4 cxd4 14. Qxd4 Ne4 15. b4 c5 16. bxc5 0-0 17. 0-0 Bxa4 18. Qxa4 Qxc5 19. Rac1 Rac8 20. Qd7 Rf6 21. h3 Rcf8 22. Rb1 Qxc2 23. Rb7 R6f7 24. Qxe6 Nc5 25. Rc7 Qxf2+ 26. Rxf2 Nxe6 27. Rxf7 Rxf7 28. Re2 Nf4 29. Re8+ Rf8 30. Re7 Nxh3+ 31. Kh2 Nf4 32. Rxa7 Re8 33. Nd4 g6 34. Kg3 Re4 35. Nc6 Nh5+ 36. Kf3 Rf4+ 37. Ke3 Re4+ 38. Kf3 Rf4+ 39. Ke3 Rg4 40. Kf3 Rg3+ 41. Kf2 Rg5 42. a4 Nf4 43. a5 Nd3+ 44. Kg1 Ne5 45. Ne7+ Kf8 46. a6 d4 47. Rb7 Nf3+ 48. Kf2 Ra5 49. a7 Ne5 50. Nd5 Ra2+ 51. Kg3 Nc6 52. Rb8+ Nxb8 53. axb8Q+ Kf7 54. Qb6 1-0